| 000 | 00404 a2200121 4500 | ||
|---|---|---|---|
| 090 |
_c6548 _d6548 |
||
| 100 | _aIBM | ||
| 245 |
_aIntroduction to web services development using IBM websphere studio V5.1.1 (Instructor Exercises Guide) _cIBM |
||
| 260 |
_aUSA : _bInternational Business Machines Corporation, _c2004. |
||
| 300 |
_axii, 61 p. : _bill. ; _c27 cm. |
||
| 500 | _aIBM Manual | ||
| 942 |
_cBK _k005.376 IBM |
||
| 999 |
_c10379 _d10379 |
||